Times do Centro-Oeste no Ranking Nacional de Clubes da CBF - Statistics

Estatísticas Gerais
  • Esse quiz foi jogado 36 vezes
    7 desde o último reset
  • A pontuação média é 11 de 20
Estatísticas das Respostas
Estado Divisão Resposta % Correto
GO Série B Atlético Goianiense
100%
MT Série B Cuiabá
100%
GO Série B Goiás
100%
GO Série B Vila Nova
100%
GO Série C Anápolis
83%
DF Série D Brasiliense
67%
MS Série D Operário
67%
DF Série D Ceilândia
50%
MT Série D Luverdense
50%
MT Série D Mixto
50%
MT Série D União Rondonópolis
50%
GO Série D Aparecidense
33%
DF Série D Capital
33%
MS Sem divisão nacional Costa Rica
33%
GO Série D CRAC
33%
GO Série D Goiatuba
33%
MT Série D Operário VG
33%
GO Sem divisão nacional Goianésia
17%
GO Sem divisão nacional Iporá
17%
DF Sem divisão nacional Real Brasília
17%
Nenhum quiz correspondente encontrado
Distribuição das Pontuações
Porcentagem de Pessoas com Cada Pontuação
Percentil de Números Respondidos
Sua Pontuação Histórica
Você não jogou esse quiz desde o último reset